Statistics for Top Five Countries by Categories

Click here to take the quiz!

General Stats

  • This quiz has been taken 359 times
  • The average score is 359 of 445

Answers on the Map

Answers color-coded by a green-red scale on the quiz's map according to % correct below.
 

Answer Stats

CategoryCountry% Correct
Biggest Area | Biggest Car Production | Biggest City (Urban pop.) | +28 othersChina
100%
Biggest City (Urban pop.) | Biggest Economy (PPP) | Biggest Population | +16 othersIndia
99%
Biggest Area | Biggest Car Production | Biggest Economy (PPP) | +32 othersUnited States
99%
Biggest Area | Biggest Population | Most Airports | +8 othersBrazil
98%
Biggest Area | Catch the Most Fish | Coldest Average Temperature | +18 othersRussia
98%
Most Ascents of Everest | Most Books Published Annually | Most Elite Universities | +3 othersUnited Kingdom
95%
Biggest Area | Coldest Average Temperature | Highest Diamond Production | +14 othersCanada
94%
Biggest Car Production | Biggest City (Urban pop.) | Biggest Economy (PPP) | +10 othersJapan
94%
Highest HDI | Longest Coastline | Lowest Population Density | +6 othersAustralia
93%
Alcohol Consumed per Capita | Biggest Car Production | Biggest Economy (PPP) | +10 othersGermany
93%
Biggest City (Urban pop.) | Biggest Population | Catch the Most Fish | +12 othersIndonesia
93%
Least Air Pollution | Most Nobel Prizes | Safest RoadsSweden
91%
High-Speed Rail Length | Highest Production of Wine | Most Millionaires | +4 othersFrance
90%
Coldest Average Temperature | Highest HDI | Northernmost | Safest RoadsNorway
90%
Most Airports | Most Guessed on JetPunk | Most Species | Most Venomous SpeciesMexico
89%
Highest Production of Olive Oil | Highest Production of Wine | Most Tourists | +2 othersItaly
88%
Highest Life Expectancy | Lowest Population Density | Most Cars per Capita | +2 othersIceland
87%
High-Speed Rail Length | Highest Exports of Oranges | Highest Production of Olive Oil | +3 othersSpain
87%
Highest Population Density | Lowest Murder Rate | Most Immigrants per Capita | +2 othersVatican City
87%
Southernmost | Tallest North-South SpanArgentina
86%
Highest Fertility Rate | Lowest HDI | Most Air Polluted | Youngest Population (Average)Niger
86%
Most Active Volcanos | Most Islands (inc. overseas) | Southernmost | Tallest North-South SpanChile
85%
Least Air Pollution | Most Meat Eaten per Capita | NorthernmostFinland
85%
Highest Oil Consumption | Highest Oil Production | Lowest Average Rainfall | +3 othersSaudi Arabia
85%
Highest GDP per km² | Highest HDI | Highest Life Expectancy | +6 othersMonaco
84%
Highest Diamond Production | Highest Exports of Oranges | Most HIV-Positive People | SouthernmostSouth Africa
84%
Alcohol Consumed per Capita | Most HIV-Positive People | Most Languages | +3 othersNigeria
83%
Highest Average Rainfall | Most Land on the Equator | Most SpeciesColombia
82%
Highest Exports of Oranges | Lowest Average RainfallEgypt
82%
Highest Recorded Temperature | Maximum Altitude | Most Earthquake Deaths | +2 othersPakistan
82%
Biggest Car Production | Biggest City (Urban pop.) | Lowest Fertility RateSouth Korea
82%
Most Land on the Equator | Most Malaria DeathsD.R. Congo
80%
Most Expensive | Safest RoadsDenmark
79%
Highest Recorded Temperature | Most Oil ReservesIran
79%
Least Air Pollution | Most Cars per Capita | Most Sheep per Capita | SouthernmostNew Zealand
79%
Highest Average Elevation | Maximum Altitude | Most Air Polluted | +2 othersNepal
77%
Lowest Average Rainfall | Most CO₂ Emissions per Capita | Most Immigrants per Capita | Most Skyscrapers per CapitaUnited Arab Emirates
77%
Highest Murder Rate | Most Oil ReservesVenezuela
77%
Highest Oil Production | Highest Recorded Temperature | Most Oil ReservesIraq
76%
Highest GDP per km² | Highest HDI | Highest Life Expectancy | +4 othersSan Marino
76%
Biggest External Debt (% of GDP) | Top Income per Capita (PPP)Luxembourg
75%
Highest Exports of Oranges | Most Elite Universities | Most Exports | Most Meat Eaten per CapitaNetherlands
74%
Catch the Most FishPeru
74%
Highest HDI | Most ExpensiveSwitzerland
73%
Highest Production of Olive Oil | Oldest Population (Average)Greece
72%
Coldest Average Temperature | Lowest Population Density | Lowest Recorded Temperature | Most Sheep per CapitaMongolia
72%
Lowest Average Rainfall | Most Air Polluted | Most CO₂ Emissions per Capita | +3 othersQatar
72%
Highest Production of Spices | Lowest Rate of Obesity | Most Hindus | Most MuslimsBangladesh
71%
Most Expensive | Most Immigrants per Capita | Top Income per Capita (PPP)Liechtenstein
70%
Lowest Fertility RatePoland
69%
Highest Production of SpicesTurkey
69%
Highest Rate of Obesity | Least Guessed on JetPunk | Smallest Area | Smallest PopulationNauru
68%
Most Total Desert AreaAlgeria
67%
Highest Average Elevation | Maximum AltitudeBhutan
67%
Safest RoadsIreland
67%
Most Military TroopsNorth Korea
67%
Highest GDP per km² | Highest Life Expectancy | Highest Population Density | +4 othersSingapore
67%
Lowest Murder RateAndorra
66%
Highest Fertility Rate | Lowest HDIChad
66%
Highest Rate of Obesity | Smallest Area | Smallest PopulationTuvalu
65%
Highest Recorded Temperature | Most CO₂ Emissions per Capita | Most Immigrants per CapitaKuwait
64%
Lowest Average RainfallLibya
64%
Minimum Altitude | Most Expensive | Most Meat Eaten per CapitaIsrael
61%
Most MangrovesMalaysia
61%
Lowest Rate of ObesityVietnam
61%
Most HIV-Positive People | Most Land on the EquatorKenya
60%
Highest Production of Olive OilMorocco
60%
Biggest External Debt (% of GDP) | Highest Rate of Obesity | Least Guessed on JetPunk | Smallest PopulationPalau
60%
Highest GDP per km² | Highest Population Density | Most CO₂ Emissions per CapitaBahrain
59%
Alcohol Consumed per CapitaCzech Republic
59%
Minimum AltitudeSyria
59%
Highest Fertility Rate | Youngest Population (Average)Mali
57%
Lowest HDISomalia
56%
Lowest Fertility RateTaiwan
54%
Lowest Population DensityNamibia
53%
Highest Average Rainfall | Most Skyscrapers per CapitaPanama
53%
Highest Average Rainfall | Most Languages | Most MangrovesPapua New Guinea
53%
Minimum AltitudeJordan
52%
Most Malaria DeathsTanzania
50%
Biggest External Debt (% of GDP) | Highest GDP per km² | Highest Population Density | Safest RoadsMalta
48%
Highest Production of Olive OilTunisia
48%
Most Sheep per CapitaUruguay
48%
Highest Diamond Production | Highest Fertility RateAngola
46%
Highest Murder RateHonduras
46%
Alcohol Consumed per CapitaLithuania
45%
Youngest Population (Average)Zambia
45%
Highest Diamond ProductionBotswana
44%
Lowest HDICentral African Republic
44%
Highest Murder RateJamaica
44%
Most Earthquake DeathsSri Lanka
44%
Highest Murder RateEl Salvador
43%
Most Earthquake DeathsHaiti
43%
Least Guessed on JetPunkKiribati
42%
Lowest HDISouth Sudan
41%
Youngest Population (Average)Uganda
41%
Least Air PollutionBrunei
40%
Highest Rate of ObesityTonga
40%
Lowest Rate of ObesityCambodia
39%
Highest Average Elevation | Highest Murder RateLesotho
38%
Alcohol Consumed per CapitaMoldova
38%
Highest Rate of ObesityMarshall Islands
37%
Highest Average RainfallSolomon Islands
37%
Coldest Average Temperature | Highest Average Elevation | Lowest Recorded TemperatureKyrgyzstan
36%
Most Meat Eaten per CapitaMaldives
36%
Highest Average ElevationTajikistan
36%
Most HIV-Positive PeopleMozambique
34%
Lowest Population DensitySuriname
34%
Most Sheep per CapitaTurkmenistan
34%
Biggest External Debt (% of GDP)Cyprus
33%
Youngest Population (Average)Malawi
31%
Lowest Fertility RateBosnia and Herzegovina
30%
Lowest Rate of ObesityEast Timor
29%
Highest Fertility RateBurundi
28%
Highest Average Rainfall | Least Guessed on JetPunkSão Tomé and Príncipe
27%
Minimum AltitudeDjibouti
24%
Biggest External Debt (% of GDP)Mauritius
24%
Most Malaria DeathsBurkina Faso
23%
Most Malaria DeathsSierra Leone
23%
Most CO₂ Emissions per CapitaTrinidad and Tobago
22%
Least Guessed on JetPunkComoros
18%

Score Distribution

Percentile by Number Answered

Percent of People with Each Score

Your Score History

You have not taken this quiz